[Event "40th IND-chT Open 2020"]
[Site "Ahmedabad"]
[Date "2020.02.11"]
[Round "7.10"]
[White "Bhatt, Jalpan"]
[Black "Ravi, Teja S."]
[Result "0-1"]
[WhiteElo "1983"]
[BlackElo "2470"]
[Annotator "TA"]
[PlyCount "72"]
[EventDate "2020.02.05"]
[EventCountry "IND"]
[SourceTitle "playchess.com"]
[Source "ChessBase"]
[SourceQuality "1"]

{[%evp 15,72,21,24,12,37,15,35,11,14,5,18,0,-9,-30,0,0,0,-66,0,0,0,-41,-6,-24,-36,-44,-33,-45,0,0,0,-58,0,0,0,-29,0,0,0,0,0,0,0,0,0,-79,-60,-94,-91,-92,-60,-341,-325,-294,-286,-29969,-12837,-29995,-29996]} 1. e4 c6 2. d4 d5 3. Nd2 dxe4 4. Nxe4 Nf6 5. Nxf6+ exf6 6. c3 Bd6 7. Bd3 O-O 8. Ne2 Re8 9. Qc2 {B15: Caro-Kann: 3 Nc3: 3...g6 and 3...dxe4 4 Nxe4 Nf6 5 Nxf6+ exf6.} h5 $1 {9...h5 scores better than 9...h6.} (9... f5 $5) 10. Bd2 Nd7 11. O-O-O {White is slightly better.} Nf8 12. Kb1 {[#]} b5 $146 ({Predecessor:} 12... Be6 13. f4 b5 14. Ng3 b4 15. f5 Bd7 16. Nxh5 bxc3 17. Bxc3 Rb8 18. g4 Bb4 {½-½ (56) Guerra Mendez,J (2531)-Asis Gargatagli,H (2529) Vila Seca 2018}) 13. Ng3 g6 14. Rhe1 Bg4 15. f3 Be6 16. Bh6 (16. Ne4 $11) 16... a5 ({Better is} 16... f5 $15) 17. Ne4 $11 a4 18. h3 f5 19. Nxd6 Qxd6 20. Bxf8 Rxf8 21. Re5 b4 22. cxb4 $1 Qxb4 23. Qc3 ({White should try} 23. a3 $11 Qb3 24. Qxb3 Bxb3 25. Bc2) 23... Rab8 (23... Qxc3 $15 24. bxc3 Rfb8+ 25. Ka1 a3) 24. Rc5 Bd5 25. Rc1 a3 (25... Qb7 {keeps more tension.} 26. Bc4 Rfe8 27. Rc2 Kg7 28. Bxd5 cxd5 29. Qa5 Re7) 26. b3 Qb7 27. Bc4 Rfe8 28. Bxd5 cxd5 29. Re1 Qa6 30. Rc1 (30. Kc2 $1 $11) 30... Qd6 $17 31. Qd2 {[#]} Re6 $1 32. g4 Rbe8 33. Rc8 $2 {[%mdl 8192]} (33. gxf5 $15 Re2 34. Qb4) 33... fxg4 $19 34. fxg4 {[#]} h4 $1 35. Qh6 $2 (35. Rxe8+ $19 Rxe8 36. Qf2) 35... Qh2 {[%csl Ga3][%cal Rh2b2]} 36. R1c2 Re1+ 0-1

[Event "40th IND-chT Open 2020"]
[Site "Ahmedabad"]
[Date "2020.02.11"]
[Round "7.11"]
[White "Deepan Chakkravarthy J."]
[Black "Trivedi Karan R"]
[Result "0-1"]
[WhiteElo "2545"]
[BlackElo "1956"]
[Annotator "TA"]
[PlyCount "76"]
[EventDate "2020.02.05"]
[EventCountry "IND"]
[SourceTitle "playchess.com"]
[Source "ChessBase"]
[SourceQuality "1"]

{[%evp 15,82,-12,0,-19,-5,-11,0,-7,19,0,14,-31,-31,-36,-11,-26,0,-37,0,0,0,0,0,0,-6,0,0,0,0,0,34,0,0,0,0,10,0,0,0,0,0,0,0,0,0,0,0,0,156,115,127,0,0,0,0,-830,-817,-789,-779,-29978,-29979,-29978,-29979,-29980,-29980,-29982,-29983,-29983,-29984]} 1. e4 e6 2. d4 d5 3. Nc3 Bb4 4. e5 Ne7 5. a3 Bxc3+ 6. bxc3 c5 7. h4 Nbc6 8. h5 h6 9. Nf3 {C18: French: 3 Nc3 Bb4: Main line: 7 h4 and 7 Qg4.} Bd7 10. a4 Qa5 11. Bd2 {The position is equal.} c4 12. Nh4 O-O-O {[#]} 13. g4 $146 ({Predecessor:} 13. g3 g5 14. Ng2 f6 15. exf6 Ng8 16. f7 Nf6 17. Ne3 Rdf8 18. Bg2 Rxf7 19. O-O {0-1 (40) Nikac,P (2383)-Apicella,M (2534) Cannes 2007}) 13... g5 14. Nf3 Rdf8 15. Bg2 Ng8 16. O-O f5 17. exf6 Nxf6 18. Ne5 Nxe5 19. dxe5 Ne4 20. Be3 Nc5 ({Of course not} 20... Nxc3 $6 21. Qd2 $16) 21. Qd4 Nxa4 22. Ra3 b5 23. f4 gxf4 24. Rxf4 Rxf4 25. Qxf4 Qc7 26. Qf6 Rg8 27. Bf3 a5 $1 28. Kg2 {[#]} Nxc3 $1 {[%mdl 576] Remove Defender} 29. Rxc3 b4 30. Bxh6 {Threatens to win with Re3.} ({Don't blunder} 30. Qf7 $2 Re8 $19) 30... bxc3 31. Be3 Kb7 $2 (31... Qd8 $11) 32. g5 $1 $16 {[%mdl 1024] White has strong compensation.} Bc6 {[#]} 33. Bd4 (33. g6 $1 $16 a4 34. h6) 33... a4 $1 $11 {[%cal Ba5a4,Ba4a3,Ba3a2][%mdl 32]} 34. g6 a3 $1 {[%cal Ra3a2] Hoping for ...a2.} 35. h6 $2 {[%mdl 8192] [#]} (35. Qxe6 $11 Rd8 36. Qf6) 35... a2 $1 $19 {[%cal Ra2a1]} 36. Bxc3 Qh7 $1 {[%mdl 64] Double Attack} 37. Bh5 d4+ $1 {Black mates.} 38. Kh3 {[#]} Qxh6 {Played: Rg8xg6} 0-1

[Event "40th IND-chT Open 2020"]
[Site "Ahmedabad"]
[Date "2020.02.11"]
[Round "7.12"]
[White "Sinha, Santosh Kumar"]
[Black "Swapnil, S. Dhopade"]
[Result "0-1"]
[WhiteElo "1942"]
[BlackElo "2495"]
[Annotator "TA"]
[PlyCount "100"]
[EventDate "2020.02.05"]
[EventCountry "IND"]
[SourceTitle "playchess.com"]
[Source "ChessBase"]
[SourceQuality "1"]

{[%evp 23,118,-8,0,0,-1,-11,-16,-12,-10,-10,-10,-8,-5,-11,-2,-14,-9,-37,0,-39,-24,-44,-40,-40,-26,-33,0,-73,-39,-30,0,-68,0,-25,-26,-22,-18,-37,0,-26,0,-33,-33,-36,-43,-112,-67,-227,-216,-195,-92,-108,-87,-125,-105,-110,-108,-110,0,-119,-85,-129,-93,-159,-131,-186,-137,-258,-263,-265,-247,-464,-459,-456,-468,-834,-559,-670,-641,-621,-487,-931,-483,-503,-460,-706,-314,-690,-458,-580,-569,-1110,-1104,-1394,-1382,-2272,-2232]} 1. Nf3 Nf6 2. c4 e6 3. g3 d5 4. Bg2 dxc4 5. Qa4+ Nbd7 6. O-O a6 7. Qxc4 b5 8. Qc2 Bb7 9. d3 c5 10. b3 Be7 11. Bb2 O-O 12. Nbd2 Rc8 13. Rac1 {A13: English Opening: 1...e6.} Qb6 14. Qb1 Rfd8 15. Rfd1 $1 {The position is equal.} Bf8 16. Qa1 Nd5 17. a3 Qa7 {[#]} 18. Nf1 $146 ({Predecessor:} 18. d4 N5f6 19. Ne1 Bxg2 20. Kxg2 Qb7+ 21. Kg1 Ne4 22. Nd3 Nxd2 23. Rxd2 c4 24. bxc4 bxc4 {0-1 (37) Leontiev,A (2312)-Kharlov,A (2501) Zvenigorod 2008}) 18... Qa8 19. h4 Ne7 20. Ne3 Nc6 21. h5 h6 22. Bh3 Nb6 23. Ng4 Rd5 {And now ...Na5 would win.} 24. Ne3 Rdd8 25. Rc2 (25. Ng4 $11 {remains equal.}) 25... Na5 26. Nd2 $1 Nc6 27. Nf3 Na5 28. Nd2 $1 Nd5 29. Ng4 Ne7 30. Ne3 Nd5 31. Ng4 $1 Ne7 32. Ne3 Qa7 33. Rdc1 Qb6 34. Kh2 (34. Bg4 $15) 34... Nec6 35. Re1 $2 ({Better is} 35. Bg2 $15) 35... Nd4 $19 36. Rc3 {[#]} Nac6 (36... c4 $1 $19 {[%cal Rd4b3][%mdl 512] and Black stays clearly on top.} 37. dxc4 (37. bxc4 Rc5) 37... b4 38. axb4 Bxb4) 37. Rcc1 $17 Rc7 38. Bc3 {[#]} Rcd7 $1 39. Qa2 Be7 40. Ba1 Bf8 (40... Qa5 $17 41. Bc3 Qb6) 41. Qb2 (41. Bc3 $1 $11) 41... Rc7 42. Ng2 Ne5 43. Ne3 (43. Qa2 $142) 43... Nd7 44. b4 (44. Bg2 $17) 44... Nf6 45. bxc5 (45. Nb3 $17 Nxb3 46. Qxb3) 45... Rxc5 $19 ({Don't take} 45... Bxc5 46. a4 $17) 46. Rxc5 Qxc5 ({Don't do} 46... Bxc5 47. a4 $19) 47. a4 $2 (47. Nb3 Nxb3 48. Qxb3) 47... Qxh5 48. axb5 axb5 {[%cal Ba6b5,Bb5b4][%mdl 32]} 49. Nb3 (49. Qb1 $142) 49... Bb4 50. Nd2 Bxd2 {Played: Bb4-a5} 0-1

[Event "40th IND-chT Open 2020"]
[Site "Ahmedabad"]
[Date "2020.02.11"]
[Round "7.13"]
[White "Eshwanth Dev, Kumar J"]
[Black "Krishna C R G"]
[Result "0-1"]
[WhiteElo "1850"]
[BlackElo "2443"]
[Annotator "TA"]
[PlyCount "70"]
[EventDate "2020.02.05"]
[EventCountry "IND"]
[SourceTitle "playchess.com"]
[Source "ChessBase"]
[SourceQuality "1"]

{[%evp 15,70,10,9,2,14,7,14,-3,0,0,0,0,0,0,53,-46,45,0,0,0,0,0,6,-51,0,0,0,-73,0,-120,-111,-218,-203,-237,-233,-463,-473,-470,-471,-447,-462,-370,-112,-259,-163,-638,-652,-630,-634,-2764,-2083,-1433,-1298,-29995,-29996,-29997,-29998]} 1. e4 e6 2. d4 d5 3. Nc3 Bb4 4. e5 c5 5. a3 Bxc3+ 6. bxc3 Qa5 7. Bd2 Qa4 8. Qg4 Kf8 9. Qd1 {C18: French: 3 Nc3 Bb4: Main line: 7 h4 and 7 Qg4.} b6 {9...Ne7 is more advanced technology.} 10. Nf3 Ne7 11. h4 {The position is equal.} Ba6 12. h5 h6 13. Rh4 Bxf1 14. Kxf1 Nbc6 (14... cxd4 $11 15. cxd4 Na6) 15. Rf4 (15. dxc5 $14 Qb5+ 16. c4 dxc4 17. a4 Qxc5 18. Qe2) 15... Rc8 (15... g5 $15 16. hxg6 Nxg6) 16. Kg1 (16. dxc5 $5 {[%cal Rf4a4]} Qb5+ 17. c4 dxc4 18. Qe2 $11) 16... cxd4 17. cxd4 Ke8 18. Bb4 Rf8 {[#]} 19. g4 $146 (19. Nh4 $11) ({Predecessor:} 19. Ne1 Nxb4 20. axb4 Qxb4 21. Rxa7 Nc6 22. Ra1 Qc3 23. Rb1 Rb8 24. Rb3 Qa5 25. Rg3 {½-½ (37) Nolte,R (2394)-Nay,O (2292) Ho Chi Minh City 2015}) 19... f6 ({Black should play} 19... Rg8 $1 $15) 20. exf6 $11 Rxf6 21. Bd6 (21. Rxf6 $11 {remains equal.} gxf6 22. Qc1 Nxb4 23. axb4 Rxc2 24. Qe1) 21... Kd7 (21... Nd8 $17) 22. Rxf6 (22. Be5 $1 $11 {was the only way to keep the balance.} Nxe5 23. Nxe5+ Kd6 24. Qd2) 22... gxf6 $17 23. Bg3 (23. Bxe7 $17 Nxe7 24. Rc1) 23... Rg8 $1 $19 24. Qd2 Rxg4 {[%cal Rc6d4]} 25. Qxh6 $2 (25. c3 Nf5 26. Nh2) 25... Nxd4 26. Qxf6 {[#] Threatens to win with Ne5+.} Rxg3+ $1 {[%mdl 512]} 27. fxg3 Nxf3+ 28. Kg2 {[#]} Nd4 $2 (28... Nd2 $1 $19 {and Black stays clearly on top.} 29. Qc3 Qe4+ 30. Kf2 Qf5+ 31. Kg2 Nc4) 29. h6 (29. Kh3 $17 {was necessary.}) 29... Nxc2 30. Qh4 $2 {[#]} (30. Kh3) 30... Ne3+ $1 ({Stronger than} 30... Qxh4 31. gxh4 Ne3+ 32. Kh3 $11) 31. Kh1 Qc2 {[%csl Ge3][%cal Rc2g2]} 32. Rg1 N7f5 33. Qf4 {[#]} Nxh6 $1 {( -> ...Nhg4)} 34. Qb4 (34. Qxh6 Qe4+) 34... Nhg4 {[%cal Rc2h7]} 35. Qb5+ Kd8 {Accuracy: White = 33%, Black = 67%.} 0-1

[Event "40th IND-chT Open 2020"]
[Site "Ahmedabad"]
[Date "2020.02.11"]
[Round "7.14"]
[White "Das, Sayantan"]
[Black "Sibi Visal R"]
[Result "1-0"]
[WhiteElo "2426"]
[BlackElo "2074"]
[Annotator "TA"]
[PlyCount "119"]
[EventDate "2020.02.05"]
[EventCountry "IND"]
[SourceTitle "playchess.com"]
[Source "ChessBase"]
[SourceQuality "1"]

{[%evp 12,125,15,3,7,8,20,18,15,15,37,40,28,9,18,12,39,36,60,48,47,50,96,26,116,108,143,142,128,131,145,141,220,210,225,84,84,84,84,84,84,84,84,84,84,84,84,84,84,82,81,29,93,91,89,68,82,80,112,112,112,97,112,106,112,119,134,106,112,0,112,66,127,0,107,84,208,204,200,184,159,112,112,112,159,112,224,112,178,165,243,207,274,295,287,247,277,0,0,2,362,289,528,528,515,498,1292,1215,29992,29987,29995,29996,29996,29997,29997,29998]} 1. e4 c5 2. Nf3 e6 3. g3 Nc6 4. Bg2 Nf6 5. Qe2 d6 6. O-O Be7 7. c3 O-O {C00: French: Unusual White 2nd moves.} 8. d4 cxd4 9. cxd4 d5 {The position is equal.} 10. e5 Nd7 11. Nc3 a6 12. h4 b5 13. Bg5 {[#]} Bxg5 $146 ({Predecessor:} 13... Nb6 14. Rfc1 Bd7 15. Nd1 h6 16. Bf4 Nc4 17. Ne3 Qb6 18. b3 Nxe3 19. Qxe3 Rfc8 {1-0 (33) Gharamian,T (2616)-Le Quang,K (2279) Charleroi 2017}) 14. hxg5 Qb6 15. Qe3 a5 16. Rfc1 Ba6 17. Bf1 (17. Nxd5 $1 $16 exd5 18. e6) 17... a4 (17... Qb7 $11 {keeps the balance.}) 18. Bd3 $16 Rfe8 19. Kg2 Nf8 20. Rh1 a3 21. b3 Nb4 (21... b4 $16) 22. Bb1 Rac8 23. Ne1 (23. Qf4 $18 {and White stays clearly on top.} Rc7 24. Bxh7+ $1 {[%mdl 512]} Nxh7 25. g6 $1 {[%mdl 512]} fxg6 26. Qg4) 23... Nc6 24. Ne2 $1 b4 25. Bd3 Nb8 26. Nf3 Bxd3 27. Qxd3 Rc6 28. Rac1 Rec8 29. Rxc6 Rxc6 30. Qd2 Na6 31. Nh2 (31. g4 $16) 31... Ng6 (31... Qc7 $1 $11) 32. Ng4 Qd8 33. Rh5 Qc8 {[#] aiming for ...Rc2.} 34. Ne3 $1 Nf8 35. f4 Qb8 36. Rh1 Qb5 37. Kf2 Nb8 38. g4 Nfd7 39. Qd1 Nf8 40. Qd2 ({Better is} 40. Nc2 $16) 40... Qb6 (40... Nfd7 $1 $11) 41. Qd3 Nbd7 (41... Qd8 $14) 42. Qd2 Nb8 $1 43. f5 g6 (43... Rc8 $16) 44. f6 Na6 45. Nc2 Nd7 46. Kf3 Qb8 47. Kf4 Nf8 48. Ne3 Nc7 (48... Nd7 $16 {was necessary.}) 49. Kf3 (49. Rc1 $18 Rb6 50. Kf3) 49... Qb5 (49... Nd7 $16 {might work better.} 50. Kf2 Kh8) 50. Rc1 $18 Rxc1 (50... Na6 $142 51. Nf4 Nd7) 51. Qxc1 Qb7 52. Qc5 Na6 53. Qd6 Nb8 {[#]} 54. Nf4 $2 (54. Nc2 $1 $18) 54... Nc6 $11 55. Nc2 {Threatens to win with Ke2.} Qb5 $2 {[%mdl 8192]} (55... Qc8 $11 {and Black is okay.} 56. Ke2 h6) 56. Kf2 Qa6 $2 (56... Qb7 57. Nd3 Qc8) 57. Nxb4 $18 Nxb4 58. Qxb4 h6 (58... Nd7 $142 59. Qe7 Nf8) 59. gxh6 {Threatening mate with h7+!} g5 {[#]} 60. h7+ {Played: Qb4-b8} 1-0

[Event "40th IND-chT Open 2020"]
[Site "Ahmedabad"]
[Date "2020.02.11"]
[Round "7.15"]
[White "Sa, Kannan"]
[Black "Laxman, R.R."]
[Result "1-0"]
[WhiteElo "1936"]
[BlackElo "2432"]
[Annotator "TA"]
[PlyCount "67"]
[EventDate "2020.02.05"]
[EventCountry "IND"]
[SourceTitle "playchess.com"]
[Source "ChessBase"]
[SourceQuality "1"]

{[%evp 9,67,-13,0,-20,-21,-23,-17,-15,4,-23,-23,-25,-25,-24,-22,-14,-7,-55,-31,-39,-40,-54,-21,-23,-3,0,52,43,43,43,45,56,50,60,102,105,97,97,102,102,129,102,301,305,372,367,330,345,318,320,285,301,266,218,202,135,370,343,29983,29984]} 1. b3 d5 2. e3 e5 3. Bb2 Nd7 4. c4 Ngf6 5. Nf3 Bd6 6. d4 {[%cal Rd4e5] A01: Nimzowitsch-Larsen Opening.} e4 {[#]} 7. Nfd2 $146 ({Predecessor:} 7. Ne5 c6 8. cxd5 cxd5 9. Be2 O-O 10. O-O Qc7 11. Nc3 Nxe5 12. Nb5 Nf3+ 13. gxf3 Bxh2+ {1-0 (37) Wuijts,J (1756)-Gorts,S (1916) Maastricht 2014}) 7... c6 8. Nc3 {The position is equal.} a6 9. c5 Bc7 10. b4 Nf8 11. h3 Ng6 12. a4 O-O 13. Be2 h6 14. Nb3 Nh7 15. Kd2 f5 {White should prevent ...f4.} 16. g3 $1 f4 17. gxf4 Nxf4 (17... Nh4 $11) 18. exf4 $14 Rxf4 19. Kc2 Rxf2 20. Bc1 Ng5 21. Be3 Nxh3 22. Rxh3 Rxe2+ 23. Qxe2 {[#] And now Rxh6! would win.} Bxh3 24. Qh5 Qd7 25. Rg1 {Bxh6 is the strong threat.} Bf5 $2 (25... Rf8 $16 {keeps fighting.}) 26. Bxh6 $18 g6 27. Rxg6+ Bxg6 28. Qxg6+ Kh8 29. Bg5 {[#] Intending Bf6+ and mate.} Bd8 30. Bf4 {Be5+ would kill now.} Bc7 31. Qh6+ $40 {[%mdl 128] White has strong attack.} Kg8 32. Qg5+ Kf8 $2 (32... Kf7 $16) 33. Qh4 {Hoping for Qh8+.} Bd8 $2 (33... Bxf4 $18 34. Qh8+ (34. Qxf4+ Kg8 $14) 34... Kf7 35. Qxa8 Be3) 34. Qh8+ {Accuracy: White = 83%, Black = 61%.} 1-0

[Event "40th IND-chT Open 2020"]
[Site "Ahmedabad"]
[Date "2020.02.11"]
[Round "7.16"]
[White "Das, Arghyadip"]
[Black "Senthil Kumaran, R.P."]
[Result "1-0"]
[WhiteElo "2458"]
[BlackElo "1957"]
[Annotator "TA"]
[PlyCount "121"]
[EventDate "2020.02.05"]
[EventCountry "IND"]
[SourceTitle "playchess.com"]
[Source "ChessBase"]
[SourceQuality "1"]

{[%evp 10,120,26,0,39,48,43,11,35,0,16,21,33,-13,0,-9,-12,-23,-20,-20,-22,-12,-20,-20,-22,-29,-31,-45,-33,-16,0,-8,0,0,0,0,0,8,0,0,112,116,162,162,362,363,364,365,364,363,355,349,347,350,366,329,299,275,283,273,281,280,276,288,270,277,260,261,319,320,320,320,311,217,306,308,329,333,340,340,340,340,335,335,398,333,333,325,325,325,316,316,293,269,317,0,393,390,435,366,373,366,373,339,443,441,688,680,786,801,1125,1099,29999]} 1. e4 c5 2. Nf3 Nc6 3. d4 cxd4 4. Nxd4 Nf6 5. Nc3 e6 6. a3 Bc5 {B45: Sicilian Four Knights.} 7. Nxc6 dxc6 8. Qxd8+ Kxd8 {The position is equal.} 9. Bf4 {[#]} Ke7 $146 ({Predecessor:} 9... e5 10. O-O-O+ Ke7 11. Bxe5 Ng4 12. Bxg7 Rg8 13. Bd4 Bxd4 14. Rxd4 Nxf2 15. Rg1 Nh3 16. Rh1 Nf2 17. Rg1 {½-½ (17) Hou,Y (2298)-Wang,Y (2390) Wuxi 2006}) 10. f3 Bd4 11. O-O-O e5 {...Bxc3 is the strong threat.} 12. Bd2 Be6 13. g3 b5 14. Kb1 a5 15. Ne2 Bb6 16. Nc1 Nd7 17. h4 Rhd8 18. h5 h6 19. Bh3 Nc5 20. Bxe6 Nxe6 21. Nd3 f6 22. f4 exf4 23. gxf4 Rd7 24. f5 Nd4 (24... Nc5 $1 $11) 25. Be3 $16 {aiming for c3.} c5 26. Nf4 {Black must now prevent c3.} Rb8 $2 (26... Bc7) 27. Rhg1 $18 ({Weaker is} 27. c3 Nf3 $16) 27... Rg8 28. Bxd4 cxd4 29. Nd5+ Rxd5 30. exd5 {[%mdl 4096] Endgame KRR-KRB} Kd6 31. Rde1 Kxd5 32. Re6 Bc5 33. Rg4 Bd6 34. Kc1 b4 35. a4 $1 b3 36. cxb3 Rc8+ 37. Kd2 Rb8 {[#]} 38. Kc2 $1 ({Don't take} 38. Rxg7 $6 Be5 $16) 38... d3+ 39. Kxd3 Rxb3+ 40. Kc2 Rf3 41. Rxg7 Rxf5 (41... Rf2+ {was called for.} 42. Kb3 Rxf5) 42. Re2 Rxh5 43. Ra7 Bb4 44. Rd7+ Kc5 45. Rf2 Be1 46. Rxf6 Rh4 47. Kb3 Rh3+ {[#]} 48. Ka2 $1 Rh4 49. Rc7+ Kd5 50. Kb3 Rh3+ 51. Kc2 Rh4 52. Rd7+ Kc5 $1 53. Rf1 Bg3 54. Kb3 Rb4+ 55. Ka3 Kc6 56. Rh7 Bd6 {Strongly threatening ...Rb7+.} 57. Rxh6 {White is clearly winning.} Rd4+ (57... Rh4+ $142 58. Rxd6+ Kxd6) 58. Kb3 Kd7 59. Rf7+ Ke8 60. Rb7 Bf4 {Accuracy: White = 89%, Black = 62%.} 61. Rh8# 1-0

[Event "40th IND-chT Open 2020"]
[Site "Ahmedabad"]
[Date "2020.02.11"]
[Round "7.17"]
[White "Sidhant, Mohapatra"]
[Black "Chauhan, Joy"]
[Result "1-0"]
[WhiteElo "2367"]
[BlackElo "1864"]
[Annotator "TA"]
[PlyCount "39"]
[EventDate "2020.02.05"]
[EventCountry "IND"]
[SourceTitle "playchess.com"]
[Source "ChessBase"]
[SourceQuality "1"]

{[%evp 15,67,25,27,32,25,17,24,13,37,30,29,14,63,50,63,69,70,28,35,36,106,102,103,97,108,92,227,233,230,127,263,239,253,248,242,239,239,239,224,217,239,239,239,239,239,239,612,559,793,835,1282,1220,12841,12841]} 1. Nf3 Nf6 2. g3 b6 3. Bg2 Bb7 4. c4 c5 5. O-O g6 6. Nc3 Bg7 7. d4 cxd4 8. Qxd4 d6 9. Bg5 {A30: Symmetrical English: Double Fianchetto and Hedgehog.} Nbd7 10. Rac1 Rc8 11. b3 {White has an edge.} a6 12. Rfd1 O-O 13. Qh4 {[#]} Rc7 $146 ({Predecessor:} 13... Rc5 14. b4 Rc7 15. Rd4 Re8 16. Bh3 Bxf3 17. exf3 Ne5 18. Bg2 Qc8 19. Ne2 Nc6 {0-1 (47) Budnikov,O (2373)-Kovalenko,I (2656) Lutsk 2015}) 14. Nd5 $36 {[%mdl 2048] White is pushing.} Bxd5 15. cxd5 Rxc1 16. Bxc1 Qc7 17. Nd4 b5 (17... Qc5 $14) 18. Nc6 Ne5 19. Bd2 Nxc6 20. dxc6 {Played: Rd1-c1} 1-0

[Event "40th IND-chT Open 2020"]
[Site "Ahmedabad"]
[Date "2020.02.11"]
[Round "7.18"]
[White "Jay Kundaliya"]
[Black "Sahoo, Utkal Ranjan"]
[Result "0-1"]
[WhiteElo "2071"]
[BlackElo "2336"]
[Annotator "TA"]
[PlyCount "110"]
[EventDate "2020.02.05"]
[EventCountry "IND"]
[SourceTitle "playchess.com"]
[Source "ChessBase"]
[SourceQuality "1"]

{[%evp 14,110,14,5,5,0,19,12,36,0,0,0,0,-21,7,0,0,0,13,-29,-45,-38,14,6,190,202,197,147,142,126,118,134,168,164,122,0,14,0,0,0,0,0,0,0,0,12,27,2,36,36,57,57,51,36,36,0,0,0,0,0,0,0,0,0,0,0,0,0,0,0,8,0,8,-8,-8,-8,8,0,0,-8,-8,-8,-8,-8,-54,-16,-13,-20,-8,-8,-8,0,0,-320,-320,-302,-266,-250,-36]} 1. e4 e5 2. Nf3 Nc6 3. Bb5 a6 4. Ba4 Nf6 5. O-O Nxe4 6. Re1 Nc5 7. Bxc6 dxc6 8. d4 Ne6 {[%cal Re5d4] C80: Open Ruy Lopez: Sidelines and 9 Nbd2.} 9. Nxe5 {The main line 9.Nxe5 scores better than 9.dxe5.} Be7 10. Be3 O-O {The position is equal.} 11. f4 f6 12. Nf3 Re8 13. c4 {[#]} c5 $146 ({Predecessor:} 13... Nf8 14. Nbd2 Be6 15. Qc2 Qd7 16. a3 Ng6 17. Nb3 Bd6 18. Nc5 Bf5 19. Qf2 Qc8 {1-0 (70) Hidalgo Santana,F (2079)-Lestao Balseiro,A (2248) Santa Cruz de Tenerife 2019}) 14. d5 Nf8 $1 15. Nc3 Bd6 16. h3 Ng6 17. Qd2 h5 (17... Bd7 $15) 18. Qd3 Kf7 $2 (18... Nxf4 $11 19. Bxf4 Bxf4) 19. Ne4 $1 $18 {[%cal Re4g5]} Nxf4 20. Bxf4 ({Not} 20. Nxd6+ Qxd6 21. Qh7 Bd7 $14) 20... Bxf4 21. Nxc5 Bd6 22. Ne4 Bd7 23. Nxd6+ cxd6 {[#]} 24. Qh7 (24. Rxe8 $1 $16 Qxe8 25. Re1) 24... Rxe1+ $1 $11 25. Rxe1 {And now Ng5+! would win.} Qh8 $1 $36 {[%cal Rh8h7][%mdl 2048] Black has some pressure.} 26. Qe4 {Strongly threatening Qe7+.} Re8 27. Qf4 Rxe1+ 28. Nxe1 Qf8 29. Nf3 Kg8 30. Kf2 Qe7 31. Qe3 Kf7 32. Qxe7+ Kxe7 $14 {[%mdl 4096] Endgame KB-KN} 33. Ke3 a5 34. Nd4 h4 35. b3 g6 36. a3 b6 37. b4 axb4 38. axb4 Bc8 39. Nc6+ Kf7 40. Nd4 Bd7 41. Kd3 g5 42. Ke3 f5 43. Nc6 Kf6 44. Nd4 Ke5 {Threatens to win with ...f4+.} 45. Nc6+ Kf6 46. Nd4 Be8 47. Ne6 f4+ 48. Ke4 Bg6+ 49. Kf3 $1 Bf5 50. Nc7 $1 Bd3 51. Na8 Bxc4 52. Nxb6 Ba6 53. Nd7+ $2 {[%mdl 8192]} (53. Na8 $11 {and White stays safe.}) 53... Kf5 $19 54. Nf8 {intending Ne6.} Bc4 55. Kf2 {[#]} Bxd5 $2 {Accuracy: White = 85%, Black = 82%.} ({Black should play} 55... Kf6 $1 $19 56. Nh7+ Kg6 57. Nf8+ Kf5) 0-1

[Event "40th IND-chT Open 2020"]
[Site "Ahmedabad"]
[Date "2020.02.11"]
[Round "7.19"]
[White "Nayak Rajesh"]
[Black "Thanki, Hemal Karsanji"]
[Result "1-0"]
[WhiteElo "2169"]
[BlackElo "2154"]
[Annotator "TA"]
[PlyCount "83"]
[EventDate "2020.02.05"]
[EventCountry "IND"]
[SourceTitle "playchess.com"]
[Source "ChessBase"]
[SourceQuality "1"]

{[%evp 9,83,0,27,29,26,35,31,19,35,25,55,56,69,78,119,52,100,81,95,92,96,53,67,58,61,65,152,96,114,82,97,101,110,62,62,62,86,19,64,50,51,19,49,46,41,45,45,45,81,85,75,83,86,66,350,88,337,159,431,52,53,47,56,25,32,32,68,35,52,48,85,43,56,50,56,45]} 1. e4 e6 2. d3 d5 3. Nd2 a5 {[#]} 4. d4 $146 ({Predecessor:} 4. Ngf3 a4 5. a3 Nf6 6. g3 dxe4 7. dxe4 Bc5 8. Bg2 O-O 9. O-O Nc6 10. e5 Nd7 11. Qe2 {0-1 (46) Chadaev,N (2580)-Morozevich,A (2770) Astana 2012}) 4... a4 5. a3 Nf6 6. Bd3 {C00: French: Unusual White 2nd moves.} c5 7. e5 Nfd7 8. c3 $1 Nc6 9. Ne2 Qb6 {[%cal Rc5d4]} 10. Nf3 Be7 11. O-O Ndb8 12. Be3 (12. Bc2 $16) 12... Bd7 13. dxc5 Bxc5 14. Bxc5 Qxc5 15. Ned4 Na5 16. Qe2 h6 17. Rad1 Bc6 {[#]} (17... Nbc6 $14) 18. Nd2 ({Better is} 18. Nh4 $1) 18... Nd7 19. f4 g6 20. Kh1 Qe7 21. Rde1 Nc5 22. Bc2 Ra6 23. Qd1 (23. f5 $16 gxf5 24. Bxf5) 23... Bd7 24. Qc1 Rb6 25. Bb1 Nab3 26. N2xb3 Nxb3 27. Nxb3 Rxb3 28. Rd1 Qc5 29. Bc2 Rb6 30. Rd4 Bb5 31. Bxa4 Ke7 $2 {[%mdl 8192] [#]} (31... Bxa4 $14 32. Rxa4 O-O) 32. Bxb5 $2 (32. b4 $1 $18 {[%cal Rb4c5] is the precise move to win.} Qc7 33. Bxb5 Rxb5 34. c4) 32... Rxb5 $2 (32... Qxb5 $16 33. Rf2 Rc8) 33. Qd2 (33. b4 $18 Qc7 34. c4) 33... Qb6 $2 (33... Rb3 $16 34. c4 Rd8) 34. Rb4 $2 (34. b4 $18) 34... Rxb4 $14 35. axb4 {[%mdl 4096] Endgame KQR-KQR} Ra8 36. Qe1 h5 37. Qd2 Re8 38. Re1 Qa6 39. Kg1 Qb6+ 40. Kf1 Qa6+ 41. Kf2 Ra8 42. Qe2 {Accuracy: White = 50%, Black = 55%.} 1-0